000 00463nam a22001937a 4500
003 MPLRDC
005 20220104150025.0
008 210129b ||||| |||| 00| 0 eng d
020 _a957-33-0043-5
082 _a848.2 LQX-6 c.2
100 _a林清玄著
245 _a海岸小品
_c
250 _a第五版
260 _a
_b皇冠杂志社
_c1991
300 _b
490 _a皇冠丛书;1695
650 _a现代别集
942 _cBK
_o848.2 LQX-6 c.2
999 _c51646
_d51636